000 00744cam a2200253I 4500
001 4735888
003 ARRUPE
005 20160913094307.0
008 720609s1963 enkh b 000 0 eng
010 _a64000201
035 _a(OCoLC)ocm00328419
035 _a(NNC)4735888
040 _aDLC
_cCCL
_dOCL
_dSER
_dOCL
050 0 _aJV4235
_b.B6
098 _aBhs
100 1 _aBoxer, C. R.
_q(Charles Ralph),
_d1904-2000.
_925638
245 1 0 _aRace relations in the Portuguese colonial empire, 1415-1825.
260 _aOxford,
_bClarendon Press,
_c1963.
300 _avii, 136 p.
_bfacsim.
_c20 cm.
504 _aBibliographical footnotes.
650 0 _aNative races
_zPortugal
_xColonies.
_925639
942 _2lcc
_cMONOGRAPH
999 _c125200
_d125200